Central Library OPAC University of Rajshahi

Society and nature : (Record no. 57436)

MARC details
000 -LEADER
fixed length control field 00758nam a2200241 a 4500
001 - CONTROL NUMBER
control field 57436
003 - CONTROL NUMBER IDENTIFIER
rucl marc code BD-RjUL
005 - DATE AND TIME OF LATEST TRANSACTION
control field 20211209080519.0
008 - FIXED-LENGTH DATA ELEMENTS--GENERAL INFORMATION
fixed length control field 161210s1946 enk 00100 eng d
035 ## - SYSTEM CONTROL NUMBER
System control number (BD-RjUL)57560
040 ## - CATALOGING SOURCE
Original cataloging agency ANL
Language of cataloging eng
Modifying agency ANL
-- BD-RjUL
Transcribing agency BD-RjUL
041 ## - LANGUAGE CODE
Language code of text/sound track or separate title eng
082 0# - DEWEY DECIMAL CLASSIFICATION NUMBER
Classification number 301.7
Edition number 23
Author mark and year KES 1946
100 1# - MAIN ENTRY--PERSONAL NAME
Personal name Kelsen, Hans,
Dates associated with a name 1881-1973.
9 (RLIN) 170561
245 10 - TITLE STATEMENT
Title Society and nature :
Remainder of title a sociological inquiry /
Statement of responsibility, etc. Hans Kelsen
260 ## - PUBLICATION, DISTRIBUTION, ETC. (IMPRINT)
Place of publication, distribution, etc. London :
Name of publisher, distributor, etc. Kegan Paul,
Date of publication, distribution, etc. 1946.
300 ## - PHYSICAL DESCRIPTION
Pagination viii, 391 p., [12] ;
Size 22 cm.
500 ## - GENERAL NOTE
General note Includes index
650 ## - SUBJECT ADDED ENTRY--TOPICAL TERM
Topical term or geographic name as entry element Primitive societies.
9 (RLIN) 170563
Topical term or geographic name as entry element Philosophy of nature.
9 (RLIN) 170564
942 ## - ADDED ENTRY ELEMENTS (KOHA)
Source of classification or shelving scheme Dewey Decimal Classification
Koha item type Books
Holdings
Lost status Source of classification or shelving scheme Damaged status Not for loan Collection code Permanent Location Current Location Shelving location Date acquired Source of acquisition Cost, normal purchase price Total Checkouts Full call number Date last seen Copy number Koha item type
  Dewey Decimal Classification   Not For Loan Non-fiction Central Library, University of Rajshahi Central Library, University of Rajshahi Reading Room 07/02/1955 U. B. S. Rajshahi 15.00   301.7 KES 1946 10/12/2016 C-1 Books